<?xml version="1.0" encoding="UTF-8"?>
<record
    xmlns:xsi="http://www.w3.org/2001/XMLSchema-instance"
    xsi:schemaLocation="http://www.loc.gov/MARC21/slim http://www.loc.gov/standards/marcxml/schema/MARC21slim.xsd"
    xmlns="http://www.loc.gov/MARC21/slim">

  <leader>02606nam a22002897a 4500</leader>
  <controlfield tag="005">2012061806216.0</controlfield>
  <datafield tag="010" ind1=" " ind2=" ">
    <subfield code="a">B-485567-572</subfield>
  </datafield>
  <datafield tag="020" ind1=" " ind2=" ">
    <subfield code="a">9788183302487</subfield>
    <subfield code="c">695.00</subfield>
  </datafield>
  <datafield tag="035" ind1=" " ind2=" ">
    <subfield code="a">B-485567-572</subfield>
  </datafield>
  <datafield tag="037" ind1=" " ind2=" ">
    <subfield code="b">&#x915;&#x947;.&#x915;&#x947;.&#x92A;&#x92C;&#x94D;&#x932;&#x93F;&#x915;&#x947;&#x936;&#x902;&#x938;</subfield>
  </datafield>
  <datafield tag="082" ind1=" " ind2=" ">
    <subfield code="a">238.1</subfield>
  </datafield>
  <datafield tag="100" ind1=" " ind2=" ">
    <subfield code="a">&#x915;&#x941;&#x92E;&#x93E;&#x930;,&#x90F;&#x92E;.</subfield>
    <subfield code="9">53617</subfield>
  </datafield>
  <datafield tag="245" ind1=" " ind2=" ">
    <subfield code="a">&#x930;&#x93E;&#x91C;&#x93E; &#x930;&#x93E;&#x92E; &#x92E;&#x94B;&#x939;&#x928; &#x930;&#x93E;&#x92F;/</subfield>
    <subfield code="c">&#x90F;&#x92E;.&#x915;&#x941;&#x92E;&#x93E;&#x930; &#x90F;&#x902;&#x935; &#x926;&#x940;&#x92A;&#x94D;&#x924;&#x93F; &#x936;&#x930;&#x94D;&#x92E;&#x93E;</subfield>
  </datafield>
  <datafield tag="260" ind1=" " ind2=" ">
    <subfield code="a">&#x928;&#x908; &#x926;&#x93F;&#x932;&#x94D;&#x932;&#x940;</subfield>
    <subfield code="b">&#x905;&#x930;&#x94D;&#x91C;&#x941;&#x928; &#x92A;&#x92C;&#x94D;&#x932;&#x93F;&#x936;&#x93F;&#x902;&#x917; &#x939;&#x93E;&#x90A;&#x938;</subfield>
    <subfield code="c">2011</subfield>
  </datafield>
  <datafield tag="270" ind1=" " ind2=" ">
    <subfield code="a">483/24, &#x92A;&#x94D;&#x930;&#x939;&#x932;&#x93E;&#x926; &#x917;&#x932;&#x940;, &#x905;&#x902;&#x938;&#x93E;&#x930;&#x940; &#x930;&#x94B;&#x921;, &#x926;&#x930;&#x93F;&#x92F;&#x93E;&#x917;&#x902;&#x91C;</subfield>
    <subfield code="b">&#x928;&#x908; &#x926;&#x93F;&#x932;&#x94D;&#x932;&#x940;</subfield>
    <subfield code="e">110002</subfield>
    <subfield code="k">23272541</subfield>
  </datafield>
  <datafield tag="300" ind1=" " ind2=" ">
    <subfield code="a">244 &#x92A;&#x943;.</subfield>
    <subfield code="c">22 &#x938;&#x947;&#x902;.&#x92E;&#x940;.(&#x938;&#x91C;&#x93F;&#x932;&#x94D;&#x926;)</subfield>
  </datafield>
  <datafield tag="700" ind1=" " ind2=" ">
    <subfield code="a">&#x936;&#x930;&#x94D;&#x92E;&#x93E;, &#x926;&#x940;&#x92A;&#x94D;&#x924;&#x93F;</subfield>
    <subfield code="9">49157</subfield>
  </datafield>
  <datafield tag="942" ind1=" " ind2=" ">
    <subfield code="2">ddc</subfield>
    <subfield code="c">HN</subfield>
    <subfield code="m">&#x915;&#x941;&#x92E;&#x93E;&#x930;</subfield>
    <subfield code="h">238.1</subfield>
  </datafield>
  <datafield tag="999" ind1=" " ind2=" ">
    <subfield code="c">68005</subfield>
    <subfield code="d">68005</subfield>
  </datafield>
  <datafield tag="952" ind1=" " ind2=" ">
    <subfield code="0">0</subfield>
    <subfield code="1">0</subfield>
    <subfield code="4">0</subfield>
    <subfield code="7">0</subfield>
    <subfield code="a">AG</subfield>
    <subfield code="b">AG</subfield>
    <subfield code="d">2012-06-18</subfield>
    <subfield code="g">695.00</subfield>
    <subfield code="l">0</subfield>
    <subfield code="o">&#x915;&#x941;&#x92E;&#x93E;&#x930;</subfield>
    <subfield code="r">2012-06-18 00:00:00</subfield>
    <subfield code="v">695.00</subfield>
    <subfield code="w">2012-06-18</subfield>
    <subfield code="y">HN</subfield>
  </datafield>
  <datafield tag="952" ind1=" " ind2=" ">
    <subfield code="0">0</subfield>
    <subfield code="1">5</subfield>
    <subfield code="4">0</subfield>
    <subfield code="7">0</subfield>
    <subfield code="8">NFIC</subfield>
    <subfield code="a">BL1</subfield>
    <subfield code="b">BL1</subfield>
    <subfield code="d">2012-11-16</subfield>
    <subfield code="e">&#x915;&#x947;.&#x915;&#x947;.&#x92A;&#x92C;&#x94D;&#x932;&#x93F;&#x915;&#x947;&#x936;&#x902;&#x938;/2177/10.08.12/1/10.08.12/10.09.12</subfield>
    <subfield code="g">695.00</subfield>
    <subfield code="l">0</subfield>
    <subfield code="o">238.1 &#x915;&#x941;&#x92E;&#x93E;&#x930;</subfield>
    <subfield code="p">B-485567</subfield>
    <subfield code="r">2012-11-16 00:00:00</subfield>
    <subfield code="t">1</subfield>
    <subfield code="v">695.00</subfield>
    <subfield code="y">HN</subfield>
  </datafield>
  <datafield tag="952" ind1=" " ind2=" ">
    <subfield code="0">0</subfield>
    <subfield code="1">0</subfield>
    <subfield code="4">0</subfield>
    <subfield code="7">0</subfield>
    <subfield code="8">NFIC</subfield>
    <subfield code="a">JP</subfield>
    <subfield code="b">JP</subfield>
    <subfield code="d">2012-11-16</subfield>
    <subfield code="e">&#x915;&#x947;.&#x915;&#x947;.&#x92A;&#x92C;&#x94D;&#x932;&#x93F;&#x915;&#x947;&#x936;&#x902;&#x938;/2177/10.08.12/1/10.08.12/10.09.12</subfield>
    <subfield code="g">695.00</subfield>
    <subfield code="l">10</subfield>
    <subfield code="o">238.1 &#x915;&#x941;&#x92E;&#x93E;&#x930;</subfield>
    <subfield code="p">B-485568</subfield>
    <subfield code="r">2023-10-12 00:00:00</subfield>
    <subfield code="s">2023-10-04</subfield>
    <subfield code="t">1</subfield>
    <subfield code="v">695.00</subfield>
    <subfield code="w">2012-11-16</subfield>
    <subfield code="y">HN</subfield>
  </datafield>
  <datafield tag="952" ind1=" " ind2=" ">
    <subfield code="0">0</subfield>
    <subfield code="1">0</subfield>
    <subfield code="4">0</subfield>
    <subfield code="7">0</subfield>
    <subfield code="8">NFIC</subfield>
    <subfield code="a">ZLS</subfield>
    <subfield code="b">ZLS</subfield>
    <subfield code="d">2012-11-16</subfield>
    <subfield code="e">&#x915;&#x947;.&#x915;&#x947;.&#x92A;&#x92C;&#x94D;&#x932;&#x93F;&#x915;&#x947;&#x936;&#x902;&#x938;/2177/10.08.12/1/10.08.12/10.09.12</subfield>
    <subfield code="g">695.00</subfield>
    <subfield code="l">2</subfield>
    <subfield code="m">2</subfield>
    <subfield code="o">238.1 &#x915;&#x941;&#x92E;&#x93E;&#x930;</subfield>
    <subfield code="p">B-485569</subfield>
    <subfield code="r">2024-04-03 00:00:00</subfield>
    <subfield code="s">2024-03-04</subfield>
    <subfield code="t">1</subfield>
    <subfield code="v">695.00</subfield>
    <subfield code="w">2012-11-16</subfield>
    <subfield code="y">HN</subfield>
  </datafield>
  <datafield tag="952" ind1=" " ind2=" ">
    <subfield code="0">0</subfield>
    <subfield code="1">0</subfield>
    <subfield code="4">0</subfield>
    <subfield code="7">0</subfield>
    <subfield code="8">NFIC</subfield>
    <subfield code="a">VP</subfield>
    <subfield code="b">VP</subfield>
    <subfield code="d">2012-11-16</subfield>
    <subfield code="e">&#x915;&#x947;.&#x915;&#x947;.&#x92A;&#x92C;&#x94D;&#x932;&#x93F;&#x915;&#x947;&#x936;&#x902;&#x938;/2177/10.08.12/1/10.08.12/10.09.12</subfield>
    <subfield code="g">695.00</subfield>
    <subfield code="l">2</subfield>
    <subfield code="o">238.1 &#x915;&#x941;&#x92E;&#x93E;&#x930;</subfield>
    <subfield code="p">B-485570</subfield>
    <subfield code="r">2017-07-26 00:00:00</subfield>
    <subfield code="s">2017-07-12</subfield>
    <subfield code="t">1</subfield>
    <subfield code="v">695.00</subfield>
    <subfield code="w">2012-11-16</subfield>
    <subfield code="y">HN</subfield>
  </datafield>
  <datafield tag="952" ind1=" " ind2=" ">
    <subfield code="0">0</subfield>
    <subfield code="1">0</subfield>
    <subfield code="4">0</subfield>
    <subfield code="7">0</subfield>
    <subfield code="8">NFIC</subfield>
    <subfield code="a">BL3</subfield>
    <subfield code="b">BL3</subfield>
    <subfield code="d">2012-11-16</subfield>
    <subfield code="e">&#x915;&#x947;.&#x915;&#x947;.&#x92A;&#x92C;&#x94D;&#x932;&#x93F;&#x915;&#x947;&#x936;&#x902;&#x938;/2177/10.08.12/1/10.08.12/10.09.12</subfield>
    <subfield code="g">695.00</subfield>
    <subfield code="l">0</subfield>
    <subfield code="o">238.1 &#x915;&#x941;&#x92E;&#x93E;&#x930;</subfield>
    <subfield code="p">B-485571</subfield>
    <subfield code="r">2012-11-16 00:00:00</subfield>
    <subfield code="t">1</subfield>
    <subfield code="v">695.00</subfield>
    <subfield code="w">2012-11-16</subfield>
    <subfield code="y">HN</subfield>
  </datafield>
  <datafield tag="952" ind1=" " ind2=" ">
    <subfield code="0">0</subfield>
    <subfield code="1">5</subfield>
    <subfield code="4">0</subfield>
    <subfield code="7">0</subfield>
    <subfield code="8">NFIC</subfield>
    <subfield code="a">BL4</subfield>
    <subfield code="b">BL4</subfield>
    <subfield code="d">2012-11-16</subfield>
    <subfield code="e">&#x915;&#x947;.&#x915;&#x947;.&#x92A;&#x92C;&#x94D;&#x932;&#x93F;&#x915;&#x947;&#x936;&#x902;&#x938;/2177/10.08.12/1/10.08.12/10.09.12</subfield>
    <subfield code="g">695.00</subfield>
    <subfield code="l">0</subfield>
    <subfield code="o">238.1 &#x915;&#x941;&#x92E;&#x93E;&#x930;</subfield>
    <subfield code="p">B-485572</subfield>
    <subfield code="r">2012-11-16 00:00:00</subfield>
    <subfield code="t">1</subfield>
    <subfield code="v">695.00</subfield>
    <subfield code="y">HN</subfield>
  </datafield>
</record>
